| 000 | 01082cam a2200325 a 4500 | ||
|---|---|---|---|
| 001 | 13411690 | ||
| 003 | Nust | ||
| 005 | 20220829150903.0 | ||
| 008 | 031121s2004 nyu 000 1 eng | ||
| 010 | _a 2003025681 | ||
| 020 | _a9780752863801 | ||
| 040 |
_aDLC _cDLC _dDLC |
||
| 043 | _an-us-ca | ||
| 050 | 0 | 0 |
_aPS3553.O51165 _bN37 2004 |
| 082 | 0 | 0 |
_a823 _bCON |
| 100 | 1 |
_aConnelly, Michael, _d1956- _912066 |
|
| 245 | 1 | 4 |
_aThe narrows : _ba novel / _cby Michael Connelly. |
| 250 | _a1st ed. | ||
| 260 |
_aNew York : _bLittle, Brown, _c2004. |
||
| 300 |
_a392 p. ; _c25 cm. |
||
| 600 | 1 | 0 |
_aBosch, Harry _vFiction. _912071 |
| 650 | 0 |
_aPrivate investigators _zCalifornia _zLos Angeles _vFiction. _914303 |
|
| 650 | 0 |
_aSerial murders _vFiction. _97660 |
|
| 651 | 0 |
_aLos Angeles River (Calif.) _vFiction. _998605 |
|
| 651 | 0 |
_aLos Angeles (Calif.) _vFiction. |
|
| 655 | 7 |
_aMystery fiction. _2gsafd |
|
| 906 |
_a7 _bcbc _corignew _d1 _eecip _f20 _gy-gencatlg |
||
| 942 |
_2ddc _cBK |
||
| 999 |
_c174443 _d174443 |
||